Ground water in Kansas : (Record no. 30316)

MARC details
000 -LEADER
fixed length control field 01510cam a2200301 4500
001 - CONTROL NUMBER
control field gs 67000171
003 - CONTROL NUMBER IDENTIFIER
control field DLC
005 - DATE AND TIME OF LATEST TRANSACTION
control field 20260227111420.0
008 - FIXED-LENGTH DATA ELEMENTS--GENERAL INFORMATION
fixed length control field 690606s1966 ksu b 000 0 eng c
010 ## - LIBRARY OF CONGRESS CONTROL NUMBER
LC control number gs 67000171
040 ## - CATALOGING SOURCE
Original cataloging agency U.S. Geological Survey Library
Transcribing agency DLC
Modifying agency DLC
050 00 - LIBRARY OF CONGRESS CALL NUMBER
Classification number QE113
Item number .A2 no. 182
082 00 - DEWEY DECIMAL CLASSIFICATION NUMBER
Classification number 016.553/79/09781
100 1# - MAIN ENTRY--PERSONAL NAME
Personal name Roberts, Robert S.
245 10 - TITLE STATEMENT
Title Ground water in Kansas :
Remainder of title bibliography and subject index /
Statement of responsibility, etc. by Robert S. Roberts and Warren G. Hodson.
260 ## - PUBLICATION, DISTRIBUTION, ETC.
Place of publication, distribution, etc. Lawrence :
Name of publisher, distributor, etc. [University of Kansas],
Date of publication, distribution, etc. 1966.
300 ## - PHYSICAL DESCRIPTION
Extent 41 p. ;
Dimensions 25 cm.
490 1# - SERIES STATEMENT
Series statement Kansas. State Geological Survey. Bulletin
Volume/sequential designation 182
500 ## - GENERAL NOTE
General note University of Kansas publications.
500 ## - GENERAL NOTE
General note Prepared as part of the cooperative ground-water program in Kansas conducted by the U.S. Geological Survey, the State Geological Survey of Kansas and other State agencies.
501 ## - WITH NOTE
With note With : Compositional variance in the Plattsmouth Limestone Member (Pennsylvanian) in Kansas / by O. Karmie Galle and Wanda N. Waugh, 1966. Bound together subsequent to publication.
Institution to which field applies DLC
501 ## - WITH NOTE
With note Copy 2 with : Geology and ground-water resources of Miami County, Kansas / by Don E. Miller, 1966. Bound together subsequent to publication.
Institution to which field applies DLC
650 #0 - SUBJECT ADDED ENTRY--TOPICAL TERM
Topical term or geographic name entry element Groundwater
Geographic subdivision Kansas
Form subdivision Bibliography.
650 #0 - SUBJECT ADDED ENTRY--TOPICAL TERM
Topical term or geographic name entry element Water-supply
Geographic subdivision Kansas
Form subdivision Bibliography.
700 1# - ADDED ENTRY--PERSONAL NAME
Personal name Hodson, Warren Gayler,
Dates associated with a name 1921-
Relator term joint author.
710 2# - ADDED ENTRY--CORPORATE NAME
Corporate name or jurisdiction name as entry element Geological Survey (U.S.)
830 #0 - SERIES ADDED ENTRY--UNIFORM TITLE
Uniform title Bulletin (Kansas Geological Survey) ;
Volume/sequential designation 182.

No items available.

Powered by Koha